Οι σκλάβοι της μοναξιάς

Saved in:
Bibliographic Details
Main Author: Hamilton, Patrick, 1904 March 17-1962
Format: Book
Language:Greek
English
Published: Αθήνα : Στερέωμα, 2017.
Series:Κλασικοί και σύγχρονοι
Subjects:
Tags: Add Tag
No Tags, Be the first to tag this record!

MARC

LEADER 00000cam a2200000 a 4500
001 1/122176
008 200930s2017####gr | ||| |||| ||gre||
020 |a 9789608061521 
040 |a GR-MyUa  |b gre  |c GR-MyUa  |e AACR2 
041 1 |a gre  |h eng 
082 7 |a 823   |2 (23) 
100 1 |a Hamilton, Patrick,   |d 1904 March 17-1962. 
245 1 3 |a Οι σκλάβοι της μοναξιάς /   |c Πάτρικ Χάμιλτον ; εισαγωγή Doris Lessing ; μετάφρση, επίμετρο Κατερίνα Σχινά. 
260 |a Αθήνα :   |b Στερέωμα,   |c 2017. 
300 |a 347 σ. ;   |c 21 εκ. 
490 1 |a (Κλασικοί και σύγχρονοι) 
500 |a Τίτλος πρωτοτύπου: The slaves of solitude. 
650 0 |a English fiction. 
830 0 |a Κλασικοί και σύγχρονοι 
852 |a INST  |b SYROS  |e 20200930  |h 823 HAM  |p 005500014785  |q 005500014785  |t BK  |y 0 
920 |a Τυροβολάς  |b Ιωάννης  |y Σύρος  |z 2020-09 
970 |a Κοντού  |b Παρασκευή  |z 30/09/2020